| 000 | 01280nam a22002297a 4500 | ||
|---|---|---|---|
| 005 | 20210325191141.0 | ||
| 008 | s2534 th tha d | ||
| 041 | _atha | ||
| 090 | _aว KR41 ย337ค 2534 | ||
| 100 | 0 | _aยุคินทร์ แก้วประดิษฐ์ | |
| 245 | 1 | 0 | _aคำสั่งของคณะปฎิรูปการปกครองแผ่นดิน ฉบับที่ 42 กับผลกระทบทางด้านธุรกิจของหนังสือพิมพ์ |
| 260 | 3 |
_aนนทบุรี : _bมหาวิทยาลัยธุรกิจบัณฑิตย์, _c2534 |
|
| 300 |
_a164 หน้า : _b ภาพประกอบ, ตาราง |
||
| 650 | 0 | 4 | _aการพิมพ์ -- กฎหมายและระเบียบข้อบังคับ |
| 650 | 0 | 4 | _aคำสั่งคณะปฏิรูปการปกครองแผ่นดิน -- ฉบับที่ 42 |
| 650 | 0 | 4 | _aปร.42 |
| 650 | 0 | 4 | _aหนังสือพิมพ์ -- กฎหมายและระเบียบข้อบังคับ |
| 850 | _aNALT | ||
| 942 | _cRSH | ||
| 997 |
_c000000000027574 _kVC |
||
| 998 | _aNISA LAUNGTONGKUM | ||
| 999 |
_c27574 _d27574 |
||